Zahoukala sova polka /

Hlavní autor: Vejvoda, Jaromír, 1902-1988
Další autoři: Zeman, Vašek, 1909-1987
Jazyk: Čeština
Vydáno: Praha : Jana Hoffmanna vva., [1938?]
Fyzický popis: 1 sv. (na volných listech)
Hudebniny Hudebniny
Uloženo v:
LEADER 00877ncm a22002292a 4500
001 001321267
003 CZ BrMZK
005 20131202084139.0
007 qu
008 110209s1938 xr |||||||||||||||||cze d
040 |a BOA001  |b cze 
072 7 |a 785  |x Instrumentální hudba. Symfonická hudba. Hudba pro více nástrojů  |2 Konspekt  |9 9 
100 1 |a Vejvoda, Jaromír,  |d 1902-1988  |7 jn19990209983  |4 cmp 
245 1 0 |a Zahoukala sova  |h [hudebnina] :  |b polka /  |c hudba: Jaromír Vejvoda ; slova: Vašek Zeman 
260 |a Praha :  |b Jana Hoffmanna vva.,  |c [1938?] 
300 |a 1 sv. (na volných listech) 
500 |a Party Piano a Violino I. podloženy textem 
700 1 |a Zeman, Vašek,  |d 1909-1987  |7 jx20040920001  |4 lyr 
910 |a BOA001  |b Mus4-0183.466 
990 |a MU 
991 |b 201308 
996 6 |b 2619577559  |c Mus4-0183.466  |l MZK  |r Sklad / do 1 hodiny  |n 0  |w 001356308  |u 000010  |a 1  |e BOA001  |j MZK50  |s P